000 00669nas a2200217 4500
001 BR6007931
003 BR-BrBNA
005 20231205082040.0
007 ta
008 230509b bl.|||p| |||| 00| 00por d
040 _aBR-BrBNA
_bpor
_cBiblioteca Nacional de Agricultura
041 _a(Pt)
072 _aK70
100 1 _aPitcher, J.A.
245 1 _aOs recursos de genes de Araucaria angustifolia (Bert.)O. Ktze no Brasil [Pinheiro-do-Parana]
650 _aPINHEIRO-DO-PARANA
650 _aGENE
773 0 _tBrasil Florestal (Brazil)
_xISSN 0045-270X
_g(Apr 1976), v. 7(26) p. 3-12
_wBR6007931
909 _a202311
_bLúcia
_c55
_dLúcia Elande
942 _2AGRIS
_n0
_cANA
999 _c88819
_d88819